| 000 | 00737nam a22002417a 4500 | ||
|---|---|---|---|
| 003 | IIN | ||
| 005 | 20250430120748.0 | ||
| 008 | 250430s2024 |||ad||| |||| 001 0 eng d | ||
| 020 |
_a9789393885944 _cRs.750.00 |
||
| 040 | _aIIN | ||
| 082 |
_a610.73 _bVEN |
||
| 100 | _aVenkatesan, B. | ||
| 245 |
_aComprehensive Text Book on Nursing Foundation for General Nursing and Midwifery Course/ _cB. Venkatesan, Chinnasamy Azhagesan and C. Shanmugapriya |
||
| 250 | _a2nd ed. | ||
| 260 |
_aBengaluru _bEMMESS _c2024 |
||
| 300 |
_axiv, 460 p. _bill. |
||
| 500 | _aIncludes Index | ||
| 650 |
_aNursing _vFoundation |
||
| 650 |
_aMidwifery Nursing _vFoundation |
||
| 700 | _aAzhagesan, Chinnasamy | ||
| 700 | _aShanmugapriya, C. | ||
| 942 | _cBOOK | ||
| 999 |
_c1779 _d1779 |
||